Les unités d'Aristote avant le Cid de Corneille (Record no. 152683)

MARC details
000 -LEADER
campo de control de longitud fija 00680nam a22002055i 4500
001 - NÚMERO DE CONTROL
campo de control 152683
003 - IDENTIFICADOR DE NÚMERO DE CONTROL
campo de control ES-MaACL
005 - FECHA Y HORA DE LA ÚLTIMA TRANSACCIÓN
campo de control 20250804012338.0
008 - DATOS DE LONGITUD FIJA--INFORMACIÓN GENERAL
campo de control de longitud fija 051018s1895 sz | |||||||| ||fre d
040 ## - FUENTE DE CATALOGACIÓN
Centro catalogador/agencia de origen CAM
Lengua de catalogación spa
Centro/agencia transcriptor CAM
100 1# - ENTRADA PRINCIPAL--NOMBRE DE PERSONA
Nombre de persona Breitinger, Heinrich.
9 (RLIN) 126158
245 14 - MENCIÓN DEL TÍTULO
Título Les unités d'Aristote avant le Cid de Corneille
Resto del título : étude de littérature comparée /
Mención de responsabilidad, etc. par H. Breitinger.
250 ## - MENCION DE EDICION
Mención de edición 2e éd.
260 ## - PUBLICACIÓN, DISTRIBUCIÓN, ETC.
Lugar de publicación, distribución, etc. Genève et Bale :
Nombre del editor, distribuidor, etc. Georg & C., libraires-éditeurs,
Fecha de publicación, distribución, etc. 1895.
300 ## - DESCRIPCIÓN FÍSICA
Extensión 79 p. ;
Dimensiones 19 cm.
600 07 - PUNTO DE ACCESO ADICIONAL DE MATERIA--NOMBRE DE PERSONA
Nombre de persona Aristóteles
Fuente del encabezamiento o término embne
9 (RLIN) 22861
700 0# - ENTRADA AGREGADA--NOMBRE PERSONAL
Nombre de persona Corneille, Pierre.
9 (RLIN) 40602
852 ## - LOCALIZACIÓN
Ubicación ES-MaACL
Número de control de estantería 1533-F-18
Nota libre -- Rúst.
Holdings
Estatus retirado Estado de pérdida Estado de daño No para préstamo Colección Biblioteca de origen Biblioteca actual Ubicación en estantería Fecha de adquisición Fuente de adquisición Total de préstamos Signatura topográfica completa Código de barras Visto por última vez Precio de reemplazo Tipo de ítem Koha
        Colección de folletos Biblioteca del Ateneo de Madrid Biblioteca del Ateneo de Madrid Depósito folletos 17/01/2008     1533-F-18 1159453 23/02/2023 23/02/2023 Folleto